Učíme se ze zkušeností sovětských požárníků /

Hlavní autor: Randák, Karel
Jazyk: Čeština
Vydáno: Praha : Ústřední výbor Svazu československo-sovětského přátelství, 1955
Edice: Poznáváme Sovětský svaz
Fyzický popis: 23 s.
Knihy
Uloženo v:
LEADER 00842nam a2200217 a 4500
001 000628491
003 CZ BrMZK
005 20040514134113.0
008 021008s1955 xr f cze d
040 |a BOA001  |b cze  |c BOA001 
100 1 |a Randák, Karel  |4 aut 
245 1 0 |a Učíme se ze zkušeností sovětských požárníků /  |c Karel Randák 
260 |a Praha :  |b Ústřední výbor Svazu československo-sovětského přátelství,  |c 1955 
300 |a 23 s. 
490 1 |a Poznáváme Sovětský svaz ;  |v č. 50, 1955 
521 |a Pro referenty SČSP 
830 0 |a Poznáváme Sovětský svaz 
910 |a BOA001  |b X-0345.263 
990 |a BK 
996 7 |b 2618991955  |c X-0345.263  |l MZK  |r Sklad / do 24 hodin  |n 0  |w 000628491  |u 000020  |a 1  |e BOA001  |j MZK50  |s A 
996 6 |b 2618991956  |c X-0345.263  |l MZK  |r Sklad / do 24 hodin  |n 0  |w 000628491  |u 000010  |a 1  |e BOA001  |j MZK50  |s P